000 01944cam a22003497a 4500
001 463
005 20230425115143.0
008 090519s2009 nyua j 001 1 eng
020 _a9780756645298 (pbk.)
020 _a0756645298 (pbk.)
020 _a9780756645304
020 _a0756645301
040 _aIEP
_cIEP
_dDLC
050 0 0 _aPZ7.T233
_bAw 2009
082 0 0 _a741.5
_223
100 1 _aTeitelbaum, Michael.
245 1 0 _aAwesome powers /
_cwritten by Michael Teitelbaum.
246 3 8 _aWolverine : awesome powers
260 _aNew York :
_bDK Publishing,
_c2009.
300 _a48 pages :
_bcolor illustrations ;
_c23 cm.
490 1 _aDK readers. 3, reading alone
500 _a"Marvel"--Cover.
500 _aIncludes index.
505 _aK
520 _aOne of Marvel Comics' favorite characters, Wolverine is a mutant who possesses animal-like instincts, super-enhanced strength, and the ability to heal from any wound. While he was part of the Weapon X program his skeletal structure was bonded with the near-destructible alloy adamantium, and now very little can stop him. DK's publishing program celebrates Wolverine's classic comic book roots, with gorgeous imagery, classic story lines, and a nod to the franchise that Wolverine has become. Wolverine Reader Level 3 Awesome Powers Young readers will learn about Logan, his alter-ego Wolverine, and what it's like to have those crazy X-men claws! MARVEL, Wolverine and the distinctive likenesses thereof are trademarks of Marvel Characters, Inc., and are used with permission. _ Copyright (c) 2008 Marvel Characters, Inc. All rights reserved. www.marvel.com. This book is produced under license from Marvel Characters, Inc.
521 _a510
_bLexile
521 _aK
_bRaz-Plus
650 0 _aHeroes
_vJuvenile literature.
650 0 _aComic books, strips, etc.
_vJuvenile literature.
906 _a7
_bcbc
_ccopycat
_d2
_encip
_f20
_gy-gencatlg
942 _2ddc
_cBK
_n0
999 _c463
_d463